Responses for Show #1841 - Monday, September 14, 1992

Contestants

[<< previous game]

Diane O'Keefe, a hospital librarian from Southgate, Michigan

Joe Menduni, a sales representative from Cliffside Park, New Jersey

Anne Ellis, a managing editor originally from Madison, New Jersey (whose 3-day cash winnings total $21,900)

[next game >>]

Jeopardy! Round responses

LANGUAGES
U.S. HISTORY
CARY GRANT FILMS
HANDICRAFTS
MYTHOLOGY
COMMON BONDS
    $100 12
(Anne: What is Finland?)
...
(Alex: Anne, you gave us the country instead.)

Finnish

AnneDiane
    $100 2
the Johnstown Flood

Diane
    $100 8
Topper

Anne
    $100 26
papier-mache

Anne
    $100 1
rice

Diane
    $100 18
(Joe: What are dogs?)
(Alex: Be more specific.)
(Joe: What are terriers?)
(Alex: No.)

spaniels

AnneJoe
    $200 14
Peru

Joe
    $200 3
George Washington

Joe
    $200 13
Katharine Hepburn

Anne
    $200 27
leather

Anne
    $200 7
goat

Diane
    $200 19
pearls

Joe
    $300 15
to love

Joe
    $300 4
the Monroe Doctrine

Anne
    $300 23
Mr. Blandings

Joe
    $300 28
lapidarian (lapidary)

Joe
    $300 9
the sun

Joe
    $300 20
oranges

Joe
    $400 16
Philippines

Anne
    $400 5
Joseph Smith

Anne
    $400 24
Mae West

Diane
    $400 29
(Joe: What is barrel making?)

baskets

JoeDiane
    $400 10
(Diane: Who is Apollo?)

Pluto

JoeDiane
    $400 21
flowers

Triple Stumper
    $1,000 17
(Anne: What is Asia?)

Africa

Anne
    $500 6
income tax

Anne
    $500 25
(2 of) Notorious & North by Northwest (or Suspicion & To Catch a Thief)

Joe
    $500 30
mosaics

Anne
    $500 11
Isis

Anne
    $500 22
(Anne: What are roses?)

necklines

AnneDiane

Scores at the first commercial break (after clue 13):

Anne Joe Diane
$1,900 $900 $100

Scores at the end of the Jeopardy! Round:

Anne Joe Diane
$1,700 $2,500 $1,400

Double Jeopardy! Round responses

WORLD GEOGRAPHY
SHAKESPEARE
COMPOSERS
SCIENCE
BUSINESS & INDUSTRY
THE LEAGUE OF NATIONS
    $200 1
Cuba

Joe
    $200 4
Ophelia

Joe
    $200 2
Stephen Foster

Joe
    $200 16
(Anne: What is communicable?)

contagious

AnneDiane
    $200 26
(Cyrus) McCormick

Joe
    $200 17
Soviet Union

Joe
    $400 7
Simon Bolivar

Diane
    $400 5
The Merchant of Venice

Anne
    $400 3
Vienna

Anne
    $400 20
Mercury

Anne
    $400 27
Gillette

Anne
    $400 18
(Anne: What is Paris?)

Geneva

AnneDiane
    $600 8
(Anne: What is Burma?)

Kuala Lumpur

AnneDiane
    $600 6
Mark Antony

Diane
    $600 13
Venice

Diane
    $600 21
North Pole & South Pole

Joe
    $600 30
Post-it notes

Anne
    $600 19
Manchuria

Joe
    $800 9
Dakar

Diane
    $1,000 11
The Tempest

Diane
    $800 14
ballets

Joe
    $800 22
gneiss

Joe
    $800 29
Stetson

Diane
    $800 24
secretary-general

Diane
    $1000 10
Pakistan

Diane
    $1000 12
Two Gentlemen of Verona

Diane
    $1000 15
(Joe: Who is Mussorgsky?)
(Anne: Who is Stravinsky?)

Tchaikovsky

AnneJoe
Triple Stumper
    $1000 23
(Diane: What is novocaine?)
...
(Alex: We have less than a minute to go, Joe.)

menthol

Diane
Triple Stumper
    $1000 28
Boeing Aircraft

Joe
    $800 25
(Alex: The German word for "Gdansk"--right!)

Danzig

Diane

Scores at the end of the Double Jeopardy! Round:

Anne Joe Diane
$1,700 $6,300 $9,400

[wagering suggestions for these scores]

Final Jeopardy! Round responses

POETRY
AnneWho was Queen Victoria?
$1,700
JoeWho is Queen Victoria?
$2,700
DianeWho was Queen Victoria
$3,300
Lady Godiva

Final scores:

Anne Joe Diane
$0 $3,600 $6,100
3rd place: Artisan House contemporary sculpture 2nd place: a trip to Montreal, Canada, via Delta Airlines, to the Le Meridien Hotel New champion: $6,100

Game dynamics:

Coryat scores:

Anne Joe Diane
$2,700 $6,300 $9,400
16 R,
7 W
(including 1 DD)
20 R,
3 W
20 R
(including 2 DDs),
2 W

Combined Coryat: $18,400

[game clues] [game scores] [suggest correction]

Game tape date: 1992-07-21
The J! Archive is created by fans, for fans. Scraping, republication, monetization, and malicious use prohibited; this site may use cookies and collect identifying information. See terms. The Jeopardy! game show and all elements thereof, including but not limited to copyright and trademark thereto, are the property of Jeopardy Productions, Inc. and are protected under law. This website is not affiliated with, sponsored by, or operated by Jeopardy Productions, Inc. Join the discussion at JBoard.tv.